| 000 | 00438nam a22001817a 4500 | ||
|---|---|---|---|
| 003 | CEME | ||
| 005 | 20210628203606.0 | ||
| 008 | 210316b xxu||||| |||| 00| 0 eng d | ||
| 020 | _a0-8269-1554-X | ||
| 040 | _c. | ||
| 082 | _a621.3192428 NAT | ||
| 100 |
_aPdf _956879 |
||
| 245 | _aBlueprint reding , based on the 1990 national electrical code | ||
| 250 | _a11TH | ||
| 260 |
_aUSA _bPDF _c1989 |
||
| 300 | _a192P | ||
| 942 |
_cBK _2ddc |
||
| 999 |
_c574411 _d574411 |
||